000
00345nam a2200145Ia 4500
008
230718s9999 xx 000 0 und d
041
_a
Eng.
082
_a
343.95
_b
KHO-P
100
_a
Khokhar anwar
245
0
_a
Pakistan criminal law jernal
260
_a
Pakistan
_b
Pakistan Law digist
_c
2019
300
_a
626
650
_a
Law
999
_c
32844
_d
32844